000 00682nam a2200265Ia 4500
003 OSt
005 20221006144135.0
006 a|||||r|||| 00| 0
007 ta
008 221006b |||||||| |||| 00| 0 eng d
020 _c£11.95
024 _a10,974
037 _cTextual
040 _aEASL
_cEASL
_beng
041 _2eng
_aeng
082 _aR40cV:1954.N80, M2
100 _aGOODWIN Geoffrey Ed.
245 0 _aEthics and nuclear deterrence
260 _aLondon
_bCroom Helm
_c1982
300 _a199p.
_ccm.
490 _v Gen
650 _aGen
942 _hR40cV:1954.N80, M2
_cTEXL
_2CC
999 _c1079060
_d1079060